Juventus, champion of europe 1996 - Statistics

General Stats
  • This quiz has been taken 96 times
  • The average score is 10 of 17
Answer Stats
Hint Answer % Correct
10 Del Piero
96%
1 Peruzzi
92%
11 Ravanelli
84%
9 Vialli
81%
8 Conte
72%
2 Ferrara
72%
All. Lippi
69%
3 Pessotto
66%
7 Deschamps
65%
15 Di Livio
56%
4 Torricelli
56%
14 Jugovic
55%
6 Sousa
47%
16 Padovano
40%
5 Vierchowod
29%
12 Rampulla
28%
13 Porrini
26%
No matching quizzes found
Score Distribution
Percent of People with Each Score
Percentile by Number Answered
Your Score History
You have not taken this quiz